000 011920000a22003130004500
003 EG-GICUC
005 20250223025023.0
008 071016s2001 ua f m 000 0 eng d
040 _aEG-GICUC
_beng
_cEG-GICUC
041 0 _aEng
049 _aDeposite
097 _aM.Sc
099 _aCai01.13.08.M.Sc.2001.Na.A
100 0 _aNabila Ahmed Shereen Abdelrahman Fawzy
245 1 0 _aAdaptive control of nonlinear systems /
_cNabila Ahmed Shereen Abdelrahman Fawzy ; Supervised Mohamed Fahim Hassan , Ragya Esmail Badr , Ahmed Ali Aboulsoud
246 1 5 _aالتحكم الموائم للنظم اللاخطية
260 _aCairo :
_bNabila Ahmed Shereen Abdelrahman Fawzy ,
_c2001
300 _a121P. :
_bill. ;
_c30cm
502 _aThesis (M.Sc.) - Cairo University - Faculty Of Engineering - Department Of Electronics and Communications
653 4 _aAdaptive control
653 4 _anonlinear systems
700 0 _aAhmed Ali Aboulsoud ,
_eSupervisor
700 0 _aMohamed Fahim Hassan ,
_eSupervisor
700 0 _aRagya Esmail Badr ,
_eSupervisor
856 _uhttp://172.23.153.220/th.pdf
905 _aAmira
_eCataloger
905 _aEsam
_eRevisor
942 _2ddc
_cTH
999 _c3929
_d3929